000 00713nam a2200229 a 4500
008
020 _a0080164366 (hbk.)
049 _aMAIN
090 _aTK1191
110 2 _aCentral Electricity Generating Board.
245 1 0 _aModern power station practice /
_cCentral Electricity Generating Board.
260 _aLondon :
_bCentral Electricity Generating Board,
_c1971.
300 _a335 p. :
_bill. ;
_c25 cm.
500 _aIncludes index.
504 _aIncludes bibliographical references.
650 0 _aElectric power-plants.
907 _a.b10153780
_b15-09-05
_c23-02-05
003
005 20230123133929.0
040 _cNUST
942 _cBOOKS
_kTK1191
999 _c157096
_d157096